Country by Flag Map #6 - Statistics

General Stats
  • This quiz has been taken 26 times
  • The average score is 11 of 16
Answer Stats
Picture Answer % Correct
Bhutan
95%
Venezuela
95%
Pakistan
90%
Nepal
80%
Uruguay
80%
Bangladesh
75%
Egypt
75%
Morocco
75%
Ivory Coast
70%
Papua New Guinea
70%
Tunisia
60%
Zimbabwe
60%
Micronesia
55%
Rwanda
55%
Syria
55%
Marshall Islands
35%
No matching quizzes found
Score Distribution
Percent of People with Each Score
Percentile by Number Answered
Your Score History
You have not taken this quiz